Family Feud EL 2013 Quiz Stats

Quiz not verified by Sporcle

Challenge
Share
Tweet
Embed
Score 0/53 Timer 08:00
0 Plays Today
Question Answer % Correct
Name a word that rhymes with 'ox'fox
90%
Name a word that rhymes with 'ox'box
84.3%
Besides the sun and moon, what do you see in the sky?stars
84.3%
What is the scariest natural disaster to be in?tornado
75.7%
What might you find in a coat pocket?change
72.9%
Besides the sun and moon, what do you see in the sky?clouds
71.4%
What is the scariest natural disaster to be in?hurricane
71.4%
Name a seafood that starts with the letter 's'shrimp
68.6%
What is the scariest natural disaster to be in?earthquake
68.6%
Name the smallest household pethamster
65.7%
Name a word that rhymes with 'ox'socks
64.3%
Name something in a spray can.paint
60%
Name a word that rhymes with 'ox'pox
55.7%
Name a word that rhymes with 'ox'rocks
55.7%
Name something in a spray can.hairspray
55.7%
Name the smallest household petfish
54.3%
What is the scariest natural disaster to be in?fire
52.9%
Food at a ballparkhot dogs
52.9%
A reason you wouldn't go to the zoobadweather
52.9%
Besides the sun and moon, what do you see in the sky?birds
51.4%
What is the scariest natural disaster to be in?tsunami
51.4%
Food at a ballparkpopcorn
51.4%
What might you find in a coat pocket?keys
48.6%
Name a seafood that starts with the letter 's'salmon
45.7%
Food at a ballparkpeanuts
42.9%
Name a seafood that starts with the letter 's'scallops
40%
What might you find in a coat pocket?tissue
37.1%
Question Answer % Correct
Besides the sun and moon, what do you see in the sky?airplanes
34.3%
Name a seafood that starts with the letter 's'sushi
27.1%
What professions require a shower after work?athlete
27.1%
Name something in a spray can.cheese
25.7%
Food at a ballparknachos
25.7%
A reason you wouldn't go to the zooafraidofanimals
25.7%
Name something in a spray can.deodorant
22.9%
Food at a ballparkcotton candy
22.9%
What professions require a shower after work?garbageman
22.9%
Name a seafood that starts with the letter 's'squid
21.4%
What might you find in a coat pocket?lint
21.4%
What professions require a shower after work?construction worker
21.4%
What is the scariest natural disaster to be in?volcano
20%
Name something in a spray can.bugspray
20%
Name something in a spray can.cookingoil
18.6%
Name the smallest household petturtle
18.6%
Name the smallest household petsmalldog
18.6%
A reason you wouldn't go to the zootooexpensive
15.7%
Name the smallest household petfrog
11.4%
A reason you wouldn't go to the zoolocation
10%
Name something in a spray can.whippedcream
8.6%
Name a seafood that starts with the letter 's'shellfish
7.1%
Name the smallest household pethermitcrab
7.1%
What professions require a shower after work?miner
4.3%
A reason you wouldn't go to the zoosmells bad
2.9%
What might you find in a coat pocket?lipgloss
1.4%

You're not logged in!

Compare scores with friends on all Sporcle quizzes.
Sign Up with Email
OR
Log In

You Might Also Like...

Show Comments

Extras

Top Quizzes Today


Score Distribution

Your Account Isn't Verified!

In order to create a playlist on Sporcle, you need to verify the email address you used during registration. Go to your Sporcle Settings to finish the process.

Report this User

Report this user for behavior that violates our Community Guidelines.

Details: